Proces komodifikácie vzdelávania vo vybraných slovenských školách

Možné spôsoby mechanizmu marketizácie systému verejného vzdelávania v Slovenskej republike.

Na minha lista:
Detalhes bibliográficos
Autor principal: Kitová Mazalánová, Veronika
Formato: Capítulo de Livro
Idioma:eslovaco
Assuntos:
Tags: Adicionar Tag
Sem tags, seja o primeiro a adicionar uma tag!

MARC

LEADER 00000naa$a2200000$$$4500
001 0233538
005 20220805074345.0
041 0 |a slo 
044 |a SK 
245 1 0 |a Proces komodifikácie vzdelávania vo vybraných slovenských školách  |c Veronika Kitová Mazalánová 
520 |a Možné spôsoby mechanizmu marketizácie systému verejného vzdelávania v Slovenskej republike. 
610 2 0 |a školstvo 
610 2 0 |a vzdelávanie 
610 2 0 |a sústava výchovno-vzdelávacia 
610 2 0 |a školy štátne 
610 2 0 |a školy súkromné 
610 2 0 |a Slovensko 
610 2 0 |a marketing 
610 2 0 |a školy 
100 1 |a Kitová Mazalánová, Veronika